[Event "Tournament 14471 - Europe Echecs"]
[Site "Europe Echecs"]
[Date "2020.07.09"]
[Round "2"]
[Time "14:34:42"]
[PlyCount "61"]
[White "BoucaudViallar"]
[Black "RoubaudLouisAl"]
[WhiteElo "1329"]
[BlackElo "1101"]
[Mode "WEB"]
[Result "0-1"]

1. e4 e6 2. d4 d5 3. Nc3 c5 4. Nf3 cxd4 5. Nxd4 Nc6 6. Be3 Bd7 7. exd5 exd5 8.
Nxd5 Nxd4 9. Bxd4 Qa5+ 10. Nc3 Qd5 11. Be2 Bb4 12. Qd2 Bxc3 13. Qxc3 Nf6 14.
Qe3+ Be6 15. Bf3 Qa5+ 16. Bc3 Qf5 17. O-O O-O 18. Rad1 Rfe8 19. Rfe1 Bxa2 20.
Qd4 Rxe1+ 21. Bxe1 Qc8 22. Qb4 Qxc2 23. Qxb7 Re8 24. Qxa7 Qxb2 25. Qc7 Bb3 26.
Rc1 Kf8 27. Bb4+ Kg8 28. Qc8 Qd4 29. Be7 Qe5 30. Rd1 Qxe7 {BoucaudViallar a perdu au temps} 0-1

[Event "Tournament 14471 - Europe Echecs"]
[Site "Europe Echecs"]
[Date "2020.07.09"]
[Round "2"]
[Time "14:34:42"]
[PlyCount "67"]
[White "OuaichaHadyan"]
[Black "ZaninClement"]
[WhiteElo "1083"]
[BlackElo "1327"]
[Mode "WEB"]
[Result "0-1"]

1. e4 e5 2. Nf3 Nc6 3. d4 exd4 4. Nxd4 Bc5 5. Be3 Qf6 6. c3 Nge7 7. Nxc6 Bxe3 8.
fxe3 Nxc6 9. Bc4 d6 10. Qd5 O-O 11. Rf1 Qh4+ 12. g3 Qxh2 13. Nd2 Qxg3+ 14. Kd1
Be6 15. Qh5 Qxe3 16. Rf3 Qg1+ 17. Rf1 Bg4+ 18. Kc2 Qxf1 19. Qxg4 Qxa1 20. e5 Qh1
21. Qf5 Nxe5 22. Be2 Rae8 23. Kb3 Qd5+ 24. Nc4 Qb5+ 25. Kc2 Qa4+ 26. b3 Qxa2+
27. Kd1 Qxb3+ 28. Kd2 Nxc4+ 29. Bxc4 Qxc4 30. Kc2 Re2+ 31. Kb1 Qb3+ 32. Kc1 Qb2+
33. Kd1 Qd2# {OuaichaHadyan est échec et mat} 0-1

[Event "Tournament 14471 - Europe Echecs"]
[Site "Europe Echecs"]
[Date "2020.07.09"]
[Round "2"]
[Time "14:34:42"]
[PlyCount "52"]
[White "DelmasRaphael"]
[Black "CarobbioMaxime"]
[WhiteElo "1325"]
[BlackElo "1080"]
[Mode "WEB"]
[Result "1-0"]

1. e4 d5 2. exd5 Nf6 3. d4 Nxd5 4. c4 Nb6 5. Nc3 Bf5 6. h3 e6 7. a3 Be7 8. Nf3
N8d7 9. Bf4 f6 10. Be2 g5 11. Bg3 Nf8 12. Nb5 Bd6 13. Nxd6+ cxd6 14. O-O h5 15.
Nd2 h4 16. Bh2 Ng6 17. Re1 d5 18. c5 Nd7 19. Bg4 Bxg4 20. Qxg4 e5 21. dxe5 Ndxe5
22. Qf5 Ne7 23. Qxf6 Nf7 24. Bd6 Rh6 25. Rxe7+ Qxe7 26. Qxe7# {CarobbioMaxime est échec et mat} 1-0

[Event "Tournament 14471 - Europe Echecs"]
[Site "Europe Echecs"]
[Date "2020.07.09"]
[Round "2"]
[Time "14:34:42"]
[PlyCount "98"]
[White "SansoneAlessio"]
[Black "KurenkovAndrey"]
[WhiteElo "1075"]
[BlackElo "1322"]
[Mode "WEB"]
[Result "1-0"]

1. c4 e5 2. Nc3 d6 3. d3 Be6 4. g3 Nd7 5. Bg2 c6 6. Nf3 f5 7. O-O Ngf6 8. Bg5
Be7 9. a3 O-O 10. b4 Ne8 11. Bxe7 Qxe7 12. d4 e4 13. Nd2 d5 14. cxd5 cxd5 15. e3
Nd6 16. Rc1 Nb6 17. Na4 Nxa4 18. Qxa4 b5 19. Qb3 Nc4 20. Nxc4 bxc4 21. Qc3 Rac8
22. Rc2 Bd7 23. Rfc1 Ba4 24. Rb2 Bb3 25. Bf1 Ba4 26. Be2 Rf6 27. Bd1 Bxd1 28.
Rxd1 Ra6 29. Ra2 Qd7 30. Rb1 Qb5 31. Rba1 Rb6 32. Rb2 a5 33. Rab1 Qa4 34. Rb3
Rcb8 35. R3b2 Kf7 36. Kf1 g5 37. bxa5 Rxb2 38. Rxb2 Rxb2 39. Qxb2 Qxa5 40. Ke2
c3 41. Qb4 Qa6+ 42. Kd1 Qd3+ 43. Ke1 c2 44. Qd2 Qxa3 45. Qxc2 Qb4+ 46. Kd1 Qd6
47. Qc8 Kg6 48. Qg8+ Kh6 49. Qf7 {KurenkovAndrey a perdu au temps} 1-0

[Event "Tournament 14471 - Europe Echecs"]
[Site "Europe Echecs"]
[Date "2020.07.09"]
[Round "2"]
[Time "14:34:42"]
[PlyCount "117"]
[White "GerardKelian"]
[Black "CostaSavelliTh"]
[WhiteElo "1056"]
[BlackElo "1315"]
[Mode "WEB"]
[Result "0-1"]

1. d4 Nf6 2. c4 d5 3. Nc3 e6 4. Nf3 Bb4 5. a3 Bxc3+ 6. bxc3 Bd7 7. e3 O-O 8. Bd3
Nc6 9. c5 Re8 10. O-O e5 11. dxe5 Nxe5 12. Be2 c6 13. Re1 Nxf3+ 14. Bxf3 Qe7 15.
Qd3 Qxc5 16. Re2 Qd6 17. Bb2 Rad8 18. Rd1 Bg4 19. Bxg4 Nxg4 20. g3 Nf6 21. c4
Ne4 22. f3 Nf6 23. Red2 h6 24. f4 Ne4 25. Qd4 Qf6 26. Qxa7 Qe7 27. Qd4 Qf6 28.
Qa7 Qe6 29. Qd4 Nf6 30. Re2 Qe4 31. Qxe4 Nxe4 32. cxd5 Rxd5 33. Rxd5 cxd5 34.
Bd4 Rc8 35. Rb2 Rc1+ 36. Kg2 Ra1 37. Rb3 Ra2+ 38. Kf3 Nd2+ 39. Kg4 Nxb3 40. Be5
Rxa3 41. Kf3 b5 42. f5 Nd2+ 43. Ke2 Nc4 44. Bb2 Rxe3+ 45. Kf2 Rb3 46. Bd4 Rd3
47. Bc5 d4 48. Ke2 Rd2+ 49. Ke1 d3 50. Bb4 Rb2 51. Bc3 Rc2 52. Bb4 d2+ 53. Ke2
Rb2 54. Bc3 Rc2 55. Bb4 Rc1 56. h4 d1=Q+ 57. Kf2 Rc2+ 58. Bd2 Rxd2# {GerardKelian est échec et mat} 0-1

[Event "Tournament 14471 - Europe Echecs"]
[Site "Europe Echecs"]
[Date "2020.07.09"]
[Round "2"]
[Time "14:34:42"]
[PlyCount "84"]
[White "ThibousMathis"]
[Black "SwietlikNicola"]
[WhiteElo "1313"]
[BlackElo "1065"]
[Mode "WEB"]
[Result "1-0"]

1. c4 e5 2. Nc3 Nf6 3. g3 Nc6 4. Bg2 d6 5. e3 Be7 6. Nge2 O-O 7. O-O Be6 8. b3
d5 9. d3 Re8 10. Bb2 a6 11. e4 d4 12. Nd5 Bxd5 13. exd5 Nb4 14. a3 Nbxd5 15.
cxd5 Nxd5 16. f4 Bf6 17. Bxd5 Qxd5 18. fxe5 Qxe5 19. Nf4 Qe3+ 20. Kg2 Qe2+ 21.
Nxe2 Rxe2+ 22. Qxe2 Rd8 23. Rae1 h6 24. Rxf6 gxf6 25. Qg4+ Kh7 26. Re7 Rg8 27.
Rxf7+ Kh8 28. Qh5 Rg7 29. Qxh6+ Rh7 30. Qg7+ Rxg7 31. Rxg7 Kxg7 32. Bxd4 Kg6 33.
Kf3 Kf5 34. g4+ Kg5 35. Bf2 c6 36. h4+ Kg6 37. Kf4 b5 38. Be3 a5 39. h5+ Kg7 40.
Kf5 b4 41. a4 c5 42. Bxc5 {SwietlikNicola a perdu au temps} 1-0

[Event "Tournament 14471 - Europe Echecs"]
[Site "Europe Echecs"]
[Date "2020.07.09"]
[Round "2"]
[Time "14:34:42"]
[PlyCount "76"]
[White "BourdelClement"]
[Black "CourjalCharlot"]
[WhiteElo "1308"]
[BlackElo "1055"]
[Mode "WEB"]
[Result "1-0"]

1. e4 e6 2. d4 d5 3. exd5 exd5 4. Bd3 Nc6 5. c3 Nf6 6. h3 Bd6 7. Bg5 h6 8. Bh4
O-O 9. Qf3 Re8+ 10. Ne2 Be6 11. O-O Ne7 12. Nd2 Ng6 13. Bg3 Bxg3 14. Nxg3 c6 15.
Rfe1 Qb6 16. Nb3 a5 17. Rab1 a4 18. Nc5 Bd7 19. Rxe8+ Rxe8 20. Bc2 Qb5 21. Bxa4
Qa5 22. Bb3 b6 23. Nb7 Qa7 24. Nd6 Re6 25. Ndf5 c5 26. Bxd5 Re8 27. Nd6 Nxd5 28.
Nxe8 Qxa2 29. Re1 Bxe8 30. Rxe8+ Kh7 31. Re2 Nh4 32. Qxf7 Qb1+ 33. Nf1 Qd3 34.
Re8 Nf6 35. Re3 Qb5 36. dxc5 Qc6 37. Rg3 Ne4 38. Qxg7# {CourjalCharlot est échec et mat} 1-0

[Event "Tournament 14471 - Europe Echecs"]
[Site "Europe Echecs"]
[Date "2020.07.09"]
[Round "2"]
[Time "14:34:42"]
[PlyCount "109"]
[White "GilliotCorenti"]
[Black "EboueYuri"]
[WhiteElo "1051"]
[BlackElo "1304"]
[Mode "WEB"]
[Result "0-1"]

1. d4 Nf6 2. d5 e6 3. c4 Bc5 4. Nc3 d6 5. e4 exd5 6. cxd5 Qe7 7. Bd3 Ng4 8. Be3
Bxe3 9. fxe3 Nxe3 10. Qe2 Ng4 11. Nf3 Nd7 12. Nd2 Nde5 13. O-O-O Nxd3+ 14. Qxd3
Ne5 15. Qd4 Bg4 16. Rdf1 c5 17. Qa4+ Bd7 18. Qb3 b6 19. h3 Rc8 20. g4 c4 21. Qa3
Rc7 22. b3 cxb3 23. Qxb3 b5 24. Kb2 b4 25. Ncb1 h6 26. Rc1 Rxc1 27. Rxc1 a5 28.
Qe3 Qf6 29. Rf1 Nc4+ 30. Kc1 Qb2+ 31. Kd1 Nxe3+ 32. Ke2 Nxf1 33. Kxf1 Bb5+ 34.
Ke1 Qc1+ 35. Kf2 O-O 36. a4 Bxa4 37. e5 dxe5 38. d6 Rd8 39. g5 hxg5 40. h4 gxh4
41. d7 Rxd7 42. Ke3 Rxd2 43. Nxd2 f5 44. Ke2 Bb5+ 45. Ke3 f4+ 46. Kf3 Qxd2 47.
Ke4 Qd3+ 48. Kxe5 Qe3+ 49. Kf5 Bd3+ 50. Kg4 Qg3+ 51. Kh5 Qg6+ 52. Kxh4 Be4 53.
Kh3 Qg5 54. Kh2 Qg2# {GilliotCorenti est échec et mat} 0-1

[Event "Tournament 14471 - Europe Echecs"]
[Site "Europe Echecs"]
[Date "2020.07.09"]
[Round "2"]
[Time "14:34:42"]
[PlyCount "141"]
[White "NavilleLea"]
[Black "LemoalImran"]
[WhiteElo "1288"]
[BlackElo "1047"]
[Mode "WEB"]
[Result "1/2-1/2"]

1. d4 d5 2. Bf4 Nc6 3. e3 Nf6 4. Nf3 e6 5. c4 Bd6 6. Bg3 Ne4 7. Bd3 Nxg3 8. hxg3
dxc4 9. Bxc4 b6 10. Bb5 Bd7 11. Qa4 Ne7 12. Nc3 c6 13. Bd3 b5 14. Qc2 a5 15.
Rxh7 Rxh7 16. Bxh7 g6 17. Ke2 Kf8 18. Rh1 Kg7 19. Ne4 Qc7 20. Nxd6 Rh8 21. Nxb5
Qb6 22. Nc3 Rxh7 23. Rxh7+ Kxh7 24. Ng5+ Kg7 25. Nge4 Qa6+ 26. Ke1 Qc8 27. Nd6
Qh8 28. Qe2 Qh1+ 29. Qf1 Qh5 30. Nde4 c5 31. Nxc5 Bc6 32. N5e4 Qh2 33. Ke2 f5
34. Ng5 Bxg2 35. Qe1 Qh5+ 36. f3 Qxg5 37. Qf2 Bh3 38. Qh2 Qh6 39. Kf2 Nc6 40. a3
g5 41. Nb5 g4 42. fxg4 fxg4 43. Nd6 Qf6+ 44. Ke2 Qf3+ 45. Kd2 Nxd4 46. exd4 Qd5
47. Ne8+ Kf7 48. Nc7 Qxd4+ 49. Kc1 Qc5+ 50. Qc2 Qg1+ 51. Kd2 Qxg3 52. Qh7+ Kf6
53. Qh6+ Ke7 54. Qg7+ Kd6 55. Qf7 Kc5 56. Qe7+ Kc6 57. Nxe6 Qd6+ 58. Qxd6+ Kxd6
59. Ng5 Bg2 60. Ke2 Ke5 61. Kf2 Kf4 62. Ne6+ Ke5 63. Kxg2 Kxe6 64. Kg3 Kf5 65.
b4 axb4 66. axb4 Ke6 67. Kxg4 Kd7 68. Kf4 Kc6 69. Ke4 Kb5 70. Kd4 Kxb4 {Aucun joueur n'a le mat&eacute;riel pour mater} 1/2-1/2

[Event "Tournament 14471 - Europe Echecs"]
[Site "Europe Echecs"]
[Date "2020.07.09"]
[Round "2"]
[Time "14:34:42"]
[PlyCount "46"]
[White "BoyerJohnLucas"]
[Black "DromardLila"]
[WhiteElo "1266"]
[BlackElo "1040"]
[Mode "WEB"]
[Result "1-0"]

1. d4 d5 2. Bf4 Nc6 3. Nf3 Nf6 4. e3 e6 5. Ne5 Nxe5 6. Bxe5 Bd6 7. c3 O-O 8. Nd2
Bxe5 9. dxe5 Ne4 10. Nxe4 dxe4 11. Qxd8 Rxd8 12. Be2 b6 13. O-O Ba6 14. Bxa6 Rd2
15. b4 c5 16. bxc5 bxc5 17. h3 Rb8 18. Rfd1 Rbb2 19. Rxd2 Rxd2 20. Rb1 h6 21.
Bb7 Rxa2 22. Bxe4 a5 23. Rb8# {DromardLila est échec et mat} 1-0

[Event "Tournament 14471 - Europe Echecs"]
[Site "Europe Echecs"]
[Date "2020.07.09"]
[Round "2"]
[Time "14:34:42"]
[PlyCount "144"]
[White "MolinesMartin"]
[Black "ComtePanicautJ"]
[WhiteElo "1033"]
[BlackElo "1265"]
[Mode "WEB"]
[Result "1-0"]

1. e4 e5 2. Nf3 Nc6 3. Bc4 Be7 4. d3 Nf6 5. Nc3 O-O 6. Bg5 d6 7. h3 Be6 8. Bb3
d5 9. exd5 Nxd5 10. Nxd5 Bxd5 11. Bxe7 Nxe7 12. Nxe5 Bxb3 13. axb3 Qd4 14. Nc4
b5 15. Nd2 Rfe8 16. O-O Qxb2 17. Rb1 Qd4 18. Nf3 Qf6 19. Re1 Nf5 20. Qd2 Nd4 21.
Nxd4 Qxd4 22. Rxe8+ Rxe8 23. Re1 Kf8 24. Rxe8+ Kxe8 25. Qe2+ Kf8 26. Qh5 Qa1+
27. Kh2 h6 28. Qc5+ Kg8 29. Qxb5 Qb2 30. Qc4 Qe5+ 31. g3 Qe2 32. Kg2 Qe5 33. Qe4
Qxe4+ 34. dxe4 Kf8 35. Kf3 Ke7 36. Ke3 Ke6 37. Kd4 Kd6 38. f4 c5+ 39. Kc4 f6 40.
g4 Kc6 41. e5 fxe5 42. fxe5 a6 43. e6 Kd6 44. e7 Kxe7 45. Kxc5 Kf6 46. Kb6 Kg5
47. c4 Kh4 48. c5 Kxh3 49. c6 Kxg4 50. c7 h5 51. c8=Q+ Kg5 52. Qc5+ Kg4 53. Qg1+
Kh3 54. Qxg7 h4 55. Kxa6 Kh2 56. Kb5 h3 57. Kc4 Kh1 58. Qh6 h2 59. Qxh2+ Kxh2
60. b4 Kg3 61. b5 Kf4 62. b6 Ke5 63. b7 Ke4 64. b8=Q Ke3 65. Qb4 Ke2 66. Qb3 Kf2
67. Kd4 Ke2 68. Qe3+ Kf1 69. Qd2 Kg1 70. Ke3 Kh1 71. Kf3 Kg1 72. Qg2# {ComtePanicautJ est échec et mat} 1-0

[Event "Tournament 14471 - Europe Echecs"]
[Site "Europe Echecs"]
[Date "2020.07.09"]
[Round "2"]
[Time "14:34:42"]
[PlyCount "43"]
[White "LhostisLucie"]
[Black "GandrilleLubin"]
[WhiteElo "1265"]
[BlackElo "1024"]
[Mode "WEB"]
[Result "0-1"]

1. e4 e5 2. Nf3 Nc6 3. Bb5 d6 4. O-O Nf6 5. Re1 Bd7 6. c3 Be7 7. d4 O-O 8. Nbd2
h6 9. Nb3 a6 10. Bd3 Nh5 11. Nxe5 dxe5 12. Qxh5 exd4 13. cxd4 b6 14. e5 Nb4 15.
Be4 Bc6 16. Bd2 Bxe4 17. Rxe4 Nc2 18. Rc1 Nb4 19. a3 Nd3 20. Rc2 Qd5 21. Rc3
Qxe4 {LhostisLucie a perdu au temps} 0-1

[Event "Tournament 14471 - Europe Echecs"]
[Site "Europe Echecs"]
[Date "2020.07.09"]
[Round "2"]
[Time "14:34:42"]
[PlyCount "66"]
[White "TsirulnikovAlic"]
[Black "PommereulMathi"]
[WhiteElo "1010"]
[BlackElo "1264"]
[Mode "WEB"]
[Result "1-0"]

1. e4 e5 2. Nf3 Nc6 3. Bc4 Bc5 4. d3 Nf6 5. O-O d6 6. h3 Be6 7. Bb3 d5 8. exd5
Nxd5 9. c4 Nf4 10. Bxf4 exf4 11. Nc3 O-O 12. Ne4 Bd4 13. Rb1 Ne5 14. Nxe5 Bxe5
15. Nc5 Qg5 16. Qf3 b6 17. Nxe6 fxe6 18. c5 Qf6 19. cxb6 axb6 20. Rbc1 c5 21.
Qg4 Rae8 22. Rfe1 Bd4 23. Rxe6 Rxe6 24. Bxe6+ Kh8 25. Re1 Bxb2 26. Bd7 Bd4 27.
Re8 Rxe8 28. Bxe8 Qe7 29. Bc6 h6 30. Be4 g5 31. Qf5 b5 32. Qg6 Qh7 33. Qxh7# {PommereulMathi est échec et mat} 1-0

[Event "Tournament 14471 - Europe Echecs"]
[Site "Europe Echecs"]
[Date "2020.07.09"]
[Round "2"]
[Time "14:34:42"]
[PlyCount "52"]
[White "DarrortNahia"]
[Black "PechGuillaume"]
[WhiteElo "1263"]
[BlackElo "1012"]
[Mode "WEB"]
[Result "1-0"]

1. e4 c6 2. d4 d5 3. exd5 cxd5 4. Nc3 Nf6 5. Nf3 Bg4 6. Be2 Nc6 7. h3 Bf5 8. Bf4
e6 9. a3 Bd6 10. Bg3 Bxg3 11. fxg3 Ne4 12. Nxe4 Bxe4 13. Bd3 Bxd3 14. Qxd3 O-O
15. h4 Re8 16. g4 e5 17. dxe5 Nxe5 18. Nxe5 Rxe5+ 19. Kd2 d4 20. Rae1 Rxe1 21.
Rxe1 Qxh4 22. Qe4 Qg5+ 23. Kd1 Qd8 24. Qxb7 d3 25. Qe7 dxc2+ 26. Kxc2 {PechGuillaume a perdu au temps} 1-0

[Event "Tournament 14471 - Europe Echecs"]
[Site "Europe Echecs"]
[Date "2020.07.09"]
[Round "2"]
[Time "14:34:42"]
[PlyCount "96"]
[White "BenoitClement"]
[Black "BernadetDaniel"]
[WhiteElo "1254"]
[BlackElo "1003"]
[Mode "WEB"]
[Result "1-0"]

1. e4 e5 2. Nf3 Nc6 3. Bc4 Bc5 4. d4 exd4 5. c3 dxc3 6. Bxf7+ Kxf7 7. Qd5+ Ke8
8. Qxc5 Qe7 9. Qxe7+ Ngxe7 10. Nxc3 d6 11. O-O Be6 12. Bf4 Kd7 13. Rad1 Rad8 14.
e5 d5 15. Rfe1 a6 16. Ng5 h6 17. Nxe6 Kxe6 18. Bg3 g5 19. h3 h5 20. h4 Rhg8 21.
Na4 gxh4 22. Bxh4 Rg4 23. Nc5+ Kf7 24. e6+ Ke8 25. g3 Rb8 26. Bxe7 Kxe7 27. Rxd5
h4 28. Rd7+ Ke8 29. Re3 hxg3 30. Rxg3 Rxg3+ 31. fxg3 Ne5 32. Rh7 b6 33. Rh8+ Ke7
34. Rxb8 bxc5 35. Ra8 Kxe6 36. Rxa6+ Kf5 37. Kg2 Kg4 38. a4 c4 39. a5 Nd3 40.
Rc6 Ne1+ 41. Kf1 Nd3 42. a6 Nxb2 43. a7 Kxg3 44. a8=Q Kf3 45. Rb6+ Ke3 46. Rxb2
c3 47. Re2+ Kd3 48. Qe4# {BernadetDaniel est échec et mat} 1-0

[Event "Tournament 14471 - Europe Echecs"]
[Site "Europe Echecs"]
[Date "2020.07.09"]
[Round "2"]
[Time "14:34:42"]
[PlyCount "38"]
[White "CoindreauElsa"]
[Black "BourginePaul"]
[WhiteElo "1248"]
[BlackElo "999"]
[Mode "WEB"]
[Result "1-0"]

1. e4 e5 2. Nf3 Nc6 3. Bb5 Bc5 4. O-O Nf6 5. Re1 Nd4 6. Nxe5 Qe7 7. Nc4 Nxb5 8.
c3 O-O 9. e5 Nd5 10. d4 Re8 11. dxc5 d6 12. cxd6 cxd6 13. Qxd5 Be6 14. Qxb5 dxe5
15. Nxe5 Rad8 16. Bf4 Qd6 17. Na3 Qd2 18. Bxd2 Rxd2 19. Qxe8# {BourginePaul est échec et mat} 1-0

[Event "Tournament 14471 - Europe Echecs"]
[Site "Europe Echecs"]
[Date "2020.07.09"]
[Round "2"]
[Time "14:34:42"]
[PlyCount "132"]
[White "AmiotTimothee"]
[Black "CaillensValent"]
[WhiteElo "1240"]
[BlackElo "999"]
[Mode "WEB"]
[Result "1-0"]

1. e4 e5 2. Nf3 Nc6 3. d4 exd4 4. Nxd4 Bc5 5. Be3 Qf6 6. c3 Nge7 7. g3 d5 8. Bg2
dxe4 9. Nd2 Bxd4 10. Nxe4 Qe5 11. cxd4 Qe6 12. O-O Nd5 13. Rc1 Nxe3 14. fxe3 O-O
15. b3 Ne7 16. Qh5 Qg4 17. Qxg4 Bxg4 18. Rxc7 Nd5 19. Rxb7 Nxe3 20. Re1 Nxg2 21.
Kxg2 Rfe8 22. Kf2 f5 23. Nc5 Rxe1 24. Kxe1 g6 25. Kf1 Bh3+ 26. Kf2 Re8 27. Rxa7
Bg4 28. Kg1 Re1+ 29. Kg2 Re2+ 30. Kf1 Rd2 31. Rd7 Rxa2 32. d5 Rxh2 33. d6 f4 34.
Rd8+ Kg7 35. d7 fxg3 36. Rg8+ Kf7 37. d8=Q g2+ 38. Kg1 Rh1+ 39. Kxg2 Rd1 40.
Qxd1 Bxd1 41. Rd8 Bg4 42. b4 h5 43. Kg3 Be2 44. Rb8 g5 45. b5 h4+ 46. Kh3 Kg6
47. b6 Kh5 48. Rh8+ Kg6 49. b7 Kf5 50. Rxh4 gxh4 51. Kxh4 Bg4 52. b8=Q Bf3 53.
Qe8 Bg2 54. Qh5+ Kf4 55. Qg4+ Ke5 56. Qxg2 Kd4 57. Kg4 Kxc5 58. Qd2 Kc6 59. Qd4
Kc7 60. Qd5 Kb6 61. Kf5 Kc7 62. Ke6 Kb6 63. Kd6 Ka6 64. Qb3 Ka5 65. Kc6 Ka6 66.
Qa4# {CaillensValent est échec et mat} 1-0

[Event "Tournament 14471 - Europe Echecs"]
[Site "Europe Echecs"]
[Date "2020.07.09"]
[Round "2"]
[Time "14:34:42"]
[PlyCount "59"]
[White "RaymondTimothe"]
[Black "SemenovTimour"]
[WhiteElo "999"]
[BlackElo "1227"]
[Mode "WEB"]
[Result "0-1"]

1. e4 e6 2. d4 d5 3. Nc3 Bb4 4. a3 Bxc3+ 5. bxc3 Ne7 6. Nf3 dxe4 7. Bb5+ Bd7 8.
Bxd7+ Qxd7 9. Bf4 exf3 10. Qxf3 Qc6 11. Qxc6+ Nbxc6 12. Bxc7 Rc8 13. Bf4 Na5 14.
Rb1 Rxc3 15. Bd2 Rxa3 16. c3 b6 17. Rc1 Nc4 18. Bg5 f6 19. Bf4 e5 20. dxe5 fxe5
21. Bg5 Ng6 22. Rd1 O-O 23. Bc1 Rxc3 24. Bg5 h6 25. Bc1 Rc2 26. Rf1 Nh4 27. Rg1
Rfxf2 28. Rd8+ Kh7 29. Rd1 Rce2# {RaymondTimothe est échec et mat} 0-1

[Event "Tournament 14471 - Europe Echecs"]
[Site "Europe Echecs"]
[Date "2020.07.09"]
[Round "2"]
[Time "14:34:42"]
[PlyCount "55"]
[White "KulikovaBernie"]
[Black "SivasankaranSa"]
[WhiteElo "800"]
[BlackElo "1216"]
[Mode "WEB"]
[Result "0-1"]

1. e4 e5 2. Nf3 Nc6 3. Nc3 Nf6 4. Bc4 Bc5 5. d3 d6 6. Bg5 h6 7. Be3 Bb6 8. O-O
Be6 9. Re1 O-O 10. h3 Bxc4 11. dxc4 Ba5 12. b4 Bxb4 13. Qd2 Nxe4 14. Qd3 Bxc3
15. Qxe4 Bxa1 16. Rxa1 f5 17. Qd3 Qe7 18. Nd2 Qf7 19. a4 f4 20. Nf3 fxe3 21.
fxe3 Rfe8 22. Nh4 Rf8 23. c3 Qf2+ 24. Kh2 Qxh4 25. g3 Rf2+ 26. Kg1 Qxg3+ 27. Kh1
Qh2# {KulikovaBernie est échec et mat} 0-1

[Event "Tournament 14471 - Europe Echecs"]
[Site "Europe Echecs"]
[Date "2020.07.09"]
[Round "3"]
[Time "15:04:48"]
[PlyCount "58"]
[White "LamazeSimon"]
[Black "GignouxPezzett"]
[WhiteElo "2185"]
[BlackElo "1605"]
[Mode "WEB"]
[Result "1-0"]

1. d4 d5 2. c4 e6 3. g3 Nf6 4. Nf3 Be7 5. Bg2 dxc4 6. O-O Bd7 7. Ne5 Bc6 8. Nxc6
Nxc6 9. e3 Qd7 10. Nd2 O-O-O 11. Nxc4 h5 12. Bd2 h4 13. Qa4 Rdf8 14. Rfc1 Nd5
15. Rab1 a6 16. a3 Nb8 17. Qc2 Kd8 18. Ne5 Qc8 19. e4 Nb6 20. b4 N8d7 21. Nd3 g5
22. Nc5 Nxc5 23. bxc5 Nd7 24. Ba5 Ke8 25. c6 bxc6 26. Qxc6 Bd8 27. d5 exd5 28.
exd5 Ke7 29. Re1+ {GignouxPezzett a abandonné} 1-0

[Event "Tournament 14471 - Europe Echecs"]
[Site "Europe Echecs"]
[Date "2020.07.09"]
[Round "3"]
[Time "15:04:48"]
[PlyCount "78"]
[White "SuspeneJacques"]
[Black "KuhnClement"]
[WhiteElo "1610"]
[BlackElo "2150"]
[Mode "WEB"]
[Result "1-0"]

1. e4 c5 2. c3 d5 3. exd5 Qxd5 4. d4 Nf6 5. Nf3 e6 6. Be2 Nc6 7. O-O Be7 8. h3
O-O 9. Be3 cxd4 10. cxd4 b6 11. Nc3 Qd8 12. a3 Bb7 13. Rc1 Rc8 14. Qd2 h6 15.
Rfd1 Na5 16. Qe1 Nc4 17. Rc2 Nxe3 18. fxe3 Ne4 19. Rdc1 Nxc3 20. Rxc3 Rxc3 21.
Rxc3 Bd6 22. Qc1 Bb8 23. Nd2 e5 24. dxe5 Bxe5 25. Rd3 Bf6 26. Rxd8 Rxd8 27. Bf3
Ba6 28. Ne4 Be5 29. b3 f5 30. Nc3 Rd3 31. Nd5 Rxb3 32. Ne7+ Kh7 33. Qc2 Rd3 34.
Be2 Rd8 35. Qxf5+ Kh8 36. Bxa6 Rd1+ 37. Kf2 Rd2+ 38. Ke1 Bc3 39. Qf8+ {KuhnClement a abandonné} 1-0

[Event "Tournament 14471 - Europe Echecs"]
[Site "Europe Echecs"]
[Date "2020.07.09"]
[Round "3"]
[Time "15:04:48"]
[PlyCount "52"]
[White "DeshaiesClemen"]
[Black "VanDenBrandeNo"]
[WhiteElo "1600"]
[BlackElo "1931"]
[Mode "WEB"]
[Result "1-0"]

1. e4 c5 2. Nf3 Nc6 3. d4 cxd4 4. Nxd4 g6 5. Nc3 Bg7 6. Be3 Nf6 7. Bc4 O-O 8.
Bb3 d6 9. Qd2 Ng4 10. Nxc6 bxc6 11. O-O Nxe3 12. Qxe3 Qa5 13. Rad1 Ba6 14. Rfe1
Qh5 15. f4 Rfd8 16. e5 d5 17. Na4 e6 18. Nc5 Bc8 19. Ba4 Rb8 20. b3 Rb6 21. h3
Qh4 22. Kh2 Bf8 23. g3 Qe7 24. Nd3 Ba6 25. g4 Qa3 26. f5 {VanDenBrandeNo a perdu au temps} 1-0

[Event "Tournament 14471 - Europe Echecs"]
[Site "Europe Echecs"]
[Date "2020.07.09"]
[Round "3"]
[Time "15:04:48"]
[PlyCount "72"]
[White "LesueurGabriel"]
[Black "LalondeHugo"]
[WhiteElo "1906"]
[BlackElo "1590"]
[Mode "WEB"]
[Result "1-0"]

1. e4 d5 2. exd5 Qxd5 3. Nf3 Nf6 4. c4 Qd8 5. d4 Bg4 6. Nc3 e6 7. Be2 c6 8. O-O
Be7 9. Be3 O-O 10. h3 Bf5 11. g4 Bg6 12. Ne5 Nbd7 13. f4 Be4 14. g5 Ne8 15. Nxe4
Nxe5 16. dxe5 h6 17. Qxd8 Bxd8 18. Bc5 Bb6 19. Bxb6 axb6 20. Rfd1 hxg5 21. Nxg5
Nc7 22. Rd7 Rac8 23. Rad1 f6 24. exf6 gxf6 25. Nh7 Rf7 26. Rxf7 Kxf7 27. Rd7+
Kg6 28. Bd3+ Kh5 29. Nxf6+ Kh4 30. Kh2 Rh8 31. Rxc7 c5 32. Bg6 b5 33. cxb5 b6
34. Ng4 e5 35. Nxe5 Rh6 36. Nf3# {LalondeHugo est échec et mat} 1-0

[Event "Tournament 14471 - Europe Echecs"]
[Site "Europe Echecs"]
[Date "2020.07.09"]
[Round "3"]
[Time "15:04:48"]
[PlyCount "65"]
[White "CiarlettaUlyss"]
[Black "BreuilTristan"]
[WhiteElo "1599"]
[BlackElo "1898"]
[Mode "WEB"]
[Result "0-1"]

1. d4 Nf6 2. c4 e6 3. Nc3 Bb4 4. e3 c5 5. Bd3 Nc6 6. Nge2 b6 7. O-O Bb7 8. d5
Ne5 9. e4 Ba6 10. b3 d6 11. a4 Nxd3 12. Qxd3 O-O 13. Nb5 exd5 14. exd5 Re8 15.
Ng3 Ng4 16. Nf5 Bxb5 17. axb5 Qf6 18. Bf4 g6 19. Nh6+ Nxh6 20. Bxh6 g5 21. Qh3
Re4 22. Qh5 Bd2 23. f4 Rxf4 24. g3 Be3+ 25. Kg2 Rf2+ 26. Rxf2 Qxf2+ 27. Kh3 Qf5+
28. Kg2 Re8 29. Rxa7 Qf2+ 30. Kh3 Qf1+ 31. Kg4 Qe2+ 32. Kf5 Qxh5 {CiarlettaUlyss a abandonné} 0-1

[Event "Tournament 14471 - Europe Echecs"]
[Site "Europe Echecs"]
[Date "2020.07.09"]
[Round "3"]
[Time "15:04:48"]
[PlyCount "69"]
[White "VasselinLouis"]
[Black "SiffertArman"]
[WhiteElo "1590"]
[BlackElo "1887"]
[Mode "WEB"]
[Result "0-1"]

1. e4 c5 2. d4 cxd4 3. c3 d3 4. Bxd3 e6 5. Nf3 d6 6. O-O Nf6 7. Bg5 Be7 8. Nbd2
O-O 9. Re1 Nc6 10. Qc2 Bd7 11. Nb3 Rc8 12. Rad1 Qc7 13. e5 Nxe5 14. Nxe5 dxe5
15. Bxf6 Bxf6 16. Bxh7+ Kh8 17. Be4 Bc6 18. Re3 Bxe4 19. Qxe4 g6 20. Rh3+ Kg7
21. Qe3 Rh8 22. Rxh8 Rxh8 23. Qxa7 Qc6 24. Qc5 Qa6 25. Re1 Qxa2 26. Qa3 Qxa3 27.
bxa3 Ra8 28. Nc5 Rxa3 29. Nxb7 Be7 30. h3 Rxc3 31. Rxe5 Rb3 32. Nc5 Rb1+ 33. Kh2
Bd6 34. Nd3 Rb3 {VasselinLouis a abandonné} 0-1

[Event "Tournament 14471 - Europe Echecs"]
[Site "Europe Echecs"]
[Date "2020.07.09"]
[Round "3"]
[Time "15:04:48"]
[PlyCount "174"]
[White "MarcheNael"]
[Black "FischlerOscar"]
[WhiteElo "1566"]
[BlackElo "1864"]
[Mode "WEB"]
[Result "1-0"]

1. d4 d5 2. c4 c6 3. Nc3 Nf6 4. Nf3 e6 5. Bg5 dxc4 6. a4 Be7 7. e3 Qa5 8. Bxf6
Bxf6 9. Bxc4 Be7 10. O-O Nd7 11. Bd3 O-O 12. Qc2 h6 13. b3 Rd8 14. Rac1 e5 15.
dxe5 Nxe5 16. Nxe5 Qxe5 17. Ne2 Be6 18. Ng3 Rd7 19. Bc4 Rad8 20. Bxe6 Qxe6 21.
Rcd1 Bf6 22. Ne4 Be7 23. Rxd7 Qxd7 24. Nc5 Bxc5 25. Qxc5 b6 26. Qb4 c5 27. Qc4
Qd2 28. h3 g6 29. Rc1 Rd3 30. Rc2 Qd1+ 31. Kh2 Rd7 32. Rc1 Qd2 33. Rc2 Qd6+ 34.
g3 Qe5 35. Qb5 Rd1 36. Qe2 Qd5 37. e4 Qd4 38. Rb2 Kh7 39. h4 Rd3 40. Kg2 Kg7 41.
f3 Qc3 42. Kf2 Qd4+ 43. Kg2 Re3 44. Qc2 Re1 45. Qf2 Qd1 46. Kh3 Rh1+ 47. Kg4 h5+
48. Kf4 Qd6+ 49. Ke3 Qd4+ 50. Kf4 Qf6+ 51. Ke3 Rc1 52. Qd2 Rf1 53. f4 Rg1 54.
Kf3 Qd4 55. Qxd4+ cxd4 56. Rd2 Rb1 57. Rd3 Kf6 58. e5+ Kf5 59. Rxd4 Rxb3+ 60.
Kf2 Kg4 61. Rd7 Rb2+ 62. Ke3 Rb3+ 63. Kf2 Rf3+ 64. Ke2 Rxg3 65. Rxf7 Rg2+ 66.
Ke3 Rg1 67. Kf2 Rd1 68. e6 Rd8 69. e7 Re8 70. Ke3 Kxh4 71. Ke4 Kg3 72. Ke5 h4
73. Ke6 h3 74. Rh7 h2 75. Kd7 Rg8 76. e8=Q Rxe8 77. Kxe8 Kg2 78. Kf7 h1=Q 79.
Rxh1 Kxh1 80. Kxg6 a6 81. f5 b5 82. axb5 axb5 83. f6 b4 84. f7 b3 85. f8=Q b2
86. Qb4 Kh2 87. Qxb2+ {FischlerOscar a abandonné} 1-0